| 000 | 00454nam a22001697a 4500 | ||
|---|---|---|---|
| 003 | OSt | ||
| 008 | 240203b |||||||| |||| 00| 0 eng d | ||
| 020 | _a9788183489089 | ||
| 041 | _aeng | ||
| 082 | _a658.002 UPE/BA | ||
| 100 |
_aUpendra Rai _95818 |
||
| 245 | _aComplete Book for IBPS Bank PO & Clerk Examinations: Banking Awareness | ||
| 260 |
_aNew Delhi _bArihant Publications |
||
| 300 | _a214 | ||
| 650 |
_aBanking exam guide _95816 |
||
| 942 | _cBK | ||
| 999 |
_c13829 _d13829 |
||